| 000 | 00959 a2200217 4500 | ||
|---|---|---|---|
| 003 | Nust | ||
| 005 | 20230522123258.0 | ||
| 010 | _a 72076255 | ||
| 020 | _a0877691320 | ||
| 040 | _cNust | ||
| 082 | 0 | 0 | _a004,CDP |
| 100 | 1 |
_aMacGowan, Roger A. _9112514 |
|
| 245 | 1 | 0 |
_aCDP review manual : _ba data processing Handbook / _cEdited by Roger A. MacGowan and Reid Henderson. |
| 260 |
_aPrinceton, _bAuerbach Publishers _c[1972] |
||
| 300 |
_avi, 632 p. _billus. _c28 cm. |
||
| 505 | _aData Processing Equipment (Page-1), Computer Programming and Software (Page-75), General Management (Page-145), Data Processing Management (Page-257), Accounting (Page-337), Mathematics (Page-395), Statistics (Page-465), System Analysis and Design (Page-525). | ||
| 650 | 0 |
_aElectronic data processing _xHandbooks, manuals, etc. _9112515 |
|
| 650 | 0 |
_aElectronic digital computers _xHandbooks, manuals, etc. _9112516 |
|
| 700 | 1 |
_aHenderson, Reid, _9112517 |
|
| 942 |
_2ddc _cBKB |
||
| 999 |
_c176096 _d176096 |
||